Agile project management for dummies / (Record no. 23908)
[ view plain ]
| 000 -LEADER | |
|---|---|
| fixed length control field | 01196cam a22002775a 4500 |
| 001 - CONTROL NUMBER | |
| control field | 17230090 |
| 005 - DATE AND TIME OF LATEST TRANSACTION | |
| control field | 20170112114818.0 |
| 008 - FIXED-LENGTH DATA ELEMENTS--GENERAL INFORMATION | |
| fixed length control field | 120328t2012 njua fr 001 0 eng d |
| 020 ## - INTERNATIONAL STANDARD BOOK NUMBER | |
| International Standard Book Number | 9781118026243 |
| 020 ## - INTERNATIONAL STANDARD BOOK NUMBER | |
| International Standard Book Number | 1118026241 |
| 040 ## - CATALOGING SOURCE | |
| Original cataloging agency | UKMGB |
| Language of cataloging | eng |
| Transcribing agency | UKMGB |
| Modifying agency | BDX |
| -- | VP@ |
| -- | CLE |
| -- | SINLB |
| -- | ILC |
| -- | YDXCP |
| -- | EINCP |
| -- | BWX |
| -- | BTCTA |
| -- | EYP |
| -- | DEBBG |
| -- | DLC |
| -- | EG-ScBUE |
| 082 04 - DEWEY DECIMAL CLASSIFICATION NUMBER | |
| Edition number | 22 |
| Classification number | 005.1 |
| Item number | LAY |
| 100 1# - MAIN ENTRY--PERSONAL NAME | |
| Personal name | Layton, Mark |
| Fuller form of name | (Mark C.) |
| 245 10 - TITLE STATEMENT | |
| Title | Agile project management for dummies / |
| Statement of responsibility, etc | by Mark C. Layton. |
| 260 ## - PUBLICATION, DISTRIBUTION, ETC. (IMPRINT) | |
| Place of publication, distribution, etc | Hoboken : |
| Name of publisher, distributor, etc | John Wiley & Sons, |
| Date of publication, distribution, etc | c.2012. |
| 300 ## - PHYSICAL DESCRIPTION | |
| Extent | xiv, 346 p. : |
| Other physical details | ill. ; |
| Dimensions | 24 cm. |
| 490 0# - Series Statement | |
| Series statement | For Dummies |
| 500 ## - GENERAL NOTE | |
| General note | Index : p. [331]-346. |
| 505 0# - FORMATTED CONTENTS NOTE | |
| Formatted contents note | Understanding agile -- Being agile -- Working in agile -- Managing in agile -- Ensuring agile success -- The part of tens. |
| 520 ## - SUMMARY, ETC. | |
| Summary, etc | Learn why agile techniques work better than historical approaches, and use them to rev up your software development with a faster, more flexible approach-- |
| 650 #0 - SUBJECT ADDED ENTRY--TOPICAL TERM | |
| Topical term or geographic name as entry element | Agile software development |
| General subdivision | Management. |
| Source of heading or term | BUEsh |
| 650 #7 - SUBJECT ADDED ENTRY--TOPICAL TERM | |
| Topical term or geographic name as entry element | Software engineering. |
| Source of heading or term | BUEsh |
| 9 (RLIN) | 3832 |
| 650 #7 - SUBJECT ADDED ENTRY--TOPICAL TERM | |
| Topical term or geographic name as entry element | Computer software |
| General subdivision | Development |
| -- | Management. |
| Source of heading or term | BUEsh |
| 9 (RLIN) | 4806 |
| 653 ## - INDEX TERM--UNCONTROLLED | |
| Resource For college | BAEPS, Business Administration |
| Arrived date list | January2017 |
| 942 ## - ADDED ENTRY ELEMENTS (KOHA) | |
| Source of classification or shelving scheme | Dewey Decimal Classification |
| Withdrawn status | Item status | Source of classification or shelving scheme | Damaged status | Not for loan | Vendor | Home library | Current library | Shelving location | Date acquired | Source of acquisition | Cost, normal purchase price | Serial Enumeration / chronology | Total Checkouts | Full call number | Barcode | Date last seen | Cost, replacement price | Koha item type |
|---|---|---|---|---|---|---|---|---|---|---|---|---|---|---|---|---|---|---|
| Dewey Decimal Classification | Academic Bookshop | Central Library | Central Library | Lower Floor | 12/01/2017 | Purchase | 168.00 | 2000090 | 005.1 LAY | 000040841 | 15/07/2025 | 210.00 | Book - Borrowing |